header

Language description, history and development (Record no. 132505)

MARC details
000 -LEADER
fixed length control field 01399nam a2200349Ia 4500
082 04 - DEWEY DECIMAL CLASSIFICATION NUMBER
Classification number 410
245 00 - TITLE STATEMENT
Title Language description, history and development
260 ## - PUBLICATION, DISTRIBUTION, ETC. (IMPRINT)
Place of publication Amsterdam ;
-- Philadelphia :
Name of publisher J. Benjamins Pub. Co.,
Year of publication 2007.
300 ## - PHYSICAL DESCRIPTION
Number of Pages xiv, 512 p. :
Other physical details ill.
490 1# - SERIES STATEMENT
Series statement Creole language library,
650 #0 - SUBJECT ADDED ENTRY--TOPICAL TERM
Topical Term Linguistics.
Topical Term Philology.
700 1# - ADDED ENTRY--PERSONAL NAME
Personal name Crowley, Terry.
Personal name Siegel, Jeff.
Personal name Lynch, John
Personal name Eades, Diana,
856 40 - ELECTRONIC LOCATION AND ACCESS
Uniform Resource Identifier http://site.ebrary.com/lib/rucke/Doc?id=10161059

No items available.

© 2026 Rongo University
Contact us: librarian | system librarian | Rongo university